Designer's reference manual 1996 (Record no. 61427)
[ view plain ]
| 000 -LEADER | |
|---|---|
| fixed length control field | 00604nam a22001697a 4500 |
| 003 - CONTROL NUMBER IDENTIFIER | |
| control field | NUST-PNEC |
| 005 - DATE AND TIME OF LATEST TRANSACTION | |
| control field | 20170116180722.0 |
| 008 - FIXED-LENGTH DATA ELEMENTS--GENERAL INFORMATION | |
| fixed length control field | 141027b xxu||||| |||| 00| 0 eng d |
| 040 ## - CATALOGING SOURCE | |
| Transcribing agency | PNEC |
| 082 ## - DEWEY DECIMAL CLASSIFICATION NUMBER | |
| Classification number | 620.0045 ADI |
| 100 ## - MAIN ENTRY--PERSONAL NAME | |
| 9 (RLIN) | 843 |
| Personal name | Analog Devices Incorporated - ADI |
| 245 ## - TITLE STATEMENT | |
| Title | Designer's reference manual 1996 |
| Statement of responsibility, etc. | Analog Devices Incorporated - ADI |
| 260 ## - PUBLICATION, DISTRIBUTION, ETC. | |
| Place of publication, distribution, etc. | Norwood, Mass. : |
| Name of publisher, distributor, etc. | Analog Devices, |
| Date of publication, distribution, etc. | c.1996. |
| 300 ## - PHYSICAL DESCRIPTION | |
| Extent | 1 v. (various pagings) : |
| Other physical details | ill. ; |
| Dimensions | 23 cm |
| 500 ## - GENERAL NOTE | |
| General note | https://www.worldcat.org/title/designers-reference-manual-1996/oclc/779154299&referer=brief_results |
| 942 ## - ADDED ENTRY ELEMENTS (KOHA) | |
| Source of classification or shelving scheme | |
| Koha item type | Book |
| Withdrawn status | Lost status | Source of classification or shelving scheme | Damaged status | Not for loan | Permanent Location | Current Location | Shelving location | Date acquired | Source of acquisition | Cost, normal purchase price | Total Checkouts | Full call number | Barcode | Date last seen | Cost, replacement price | Price effective from | Koha item type |
|---|---|---|---|---|---|---|---|---|---|---|---|---|---|---|---|---|---|
| Pakistan Navy Engineering College (PNEC) | Pakistan Navy Engineering College (PNEC) | Reference | 06/07/1997 | Faraz Book Agency | 1560.00 | 620.0045 ADI | PNECLIB-019346 | 10/27/2014 | 1560.00 | 06/07/1997 | Book |
